00847nam a2200241Ia 450000500170000000800410001702000150005804100080007310000200008124501220010125000220022330000410024565000400028665000400032670000310036670000320039726400420042933600270047133700330049833800280053104000350055908400110059420220316235710.0121119s1990 ck a gr 000 j spa  a95804114681 aspa1 aInkiow, Dimiter11a¡Hurra! Susanita ya tiene dientescDimiter Inkiow ; traducción de Rafael Arteaga ; ilustraciones de Michael Reiner aPrimera edición a91 páginas bilustracionesc19 cm.142LEMBaCuentos infantiles búlgaros142LEMBaLiteratura infantil búlgara1 aArteaga, Rafaeletraductor1 aReiner, Michaeleilustrador aBogotábGrupo Editorial Normac1990 atextobtxt2rdacontent asin mediaciónbn2rdamedia avolumenbnc2rdacarrier aCO-BoRNBPbspaerdacCO-BoRNBP aN INK1